An automated system for diabetic retinopathic detection (Record no. 6155)

MARC details
000 -LEADER
fixed length control field 00548nam a22001817a 4500
003 - CONTROL NUMBER IDENTIFIER
control field OSt
005 - DATE AND TIME OF LATEST TRANSACTION
control field 20220107122843.0
008 - FIXED-LENGTH DATA ELEMENTS--GENERAL INFORMATION
fixed length control field 180717b xxu||||| |||| 00| 0 eng d
040 ## - CATALOGING SOURCE
Transcribing agency IIITMK
100 ## - MAIN ENTRY--PERSONAL NAME
Personal name Jaya John (93517007)
9 (RLIN) 14501
245 ## - TITLE STATEMENT
Title An automated system for diabetic retinopathic detection
300 ## - PHYSICAL DESCRIPTION
Extent MPhil CS 2017-2018
502 ## - DISSERTATION NOTE
Degree type MPhil CS
Name of granting institution 2017-2018
Year degree granted INT
-- Dr. Asharaf S.
650 ## - SUBJECT ADDED ENTRY--TOPICAL TERM
Topical term or geographic name entry element DIABETIC RETINOPATHY
9 (RLIN) 14502
650 ## - SUBJECT ADDED ENTRY--TOPICAL TERM
Topical term or geographic name entry element DEEP CONVOLUTIONAL NEURAL NETWORKS
9 (RLIN) 14503
650 ## - SUBJECT ADDED ENTRY--TOPICAL TERM
Topical term or geographic name entry element IMAGE PROCESSING
9 (RLIN) 14504
942 ## - ADDED ENTRY ELEMENTS (KOHA)
Source of classification or shelving scheme Dewey Decimal Classification
Koha item type
Holdings
Withdrawn status Lost status Source of classification or shelving scheme Damaged status Not for loan Collection code Home library Current library Shelving location Date acquired Total Checkouts Barcode Date last seen Price effective from Koha item type
    Dewey Decimal Classification     Non Fiction IIITM-K Kerala University of Digital Sciences, Innovation and Technology Knowledge Centre   17/07/2018   R-1437 17/07/2018 17/07/2018 Project Reports